| 000 | 00505nam a2200157 4500 | ||
|---|---|---|---|
| 001 | 108219 | ||
| 003 | ES-MaACL | ||
| 005 | 20230906184614.0 | ||
| 007 | t| | ||
| 008 | 061121s1971 sp r ||||1| spa d | ||
| 110 | 2 |
_aMonte de Piedad y Caja de Ahorros de Córdoba. _95763 |
|
| 245 | 1 | 0 |
_aMemoria 1970 / _cMonte de Piedad y Caja de Ahorros de Córdoba. |
| 260 |
_aUsurbil (Guipúzcoa) : _b[s.n, _c1971] ( _fSantiago Valverde) |
||
| 300 |
_a40 h . : _bil ; _c25 cm. |
||
| 852 |
_aES-MaACL _jC-44116 _bR.79333 |
||
| 999 |
_c108219 _d108219 |
||